Mastering Dreamweaver MX databases
Mastering Dreamweaver MX Databases provides in-depth instruction and tutorials for designers and developers looking to create data-driven web pages with Dreamweaver MX. Where most books on this topic cover one or two databases, this title covers all major databases, languages, and development platfo...
保存先:
| 第一著者: | |
|---|---|
| フォーマット: | 図書 |
| 言語: | Undetermined |
| 出版事項: |
San Francisco
SYBEX
2003
|
| 主題: | |
| タグ: |
タグ追加
タグなし, このレコードへの初めてのタグを付けませんか!
|
| Thư viện lưu trữ: | Trung tâm Học liệu Trường Đại học Cần Thơ |
|---|
| LEADER | 01019nam a2200217Ia 4500 | ||
|---|---|---|---|
| 001 | CTU_157423 | ||
| 008 | 210402s9999 xx 000 0 und d | ||
| 020 | |c 49.99 | ||
| 082 | |a 005.72 | ||
| 082 | |b H282 | ||
| 100 | |a Harkins, Susan Sales | ||
| 245 | 0 | |a Mastering Dreamweaver MX databases | |
| 245 | 0 | |c Susan Sales Harkins, Bryan Chamberlain, Darren McGee | |
| 260 | |a San Francisco | ||
| 260 | |b SYBEX | ||
| 260 | |c 2003 | ||
| 520 | |a Mastering Dreamweaver MX Databases provides in-depth instruction and tutorials for designers and developers looking to create data-driven web pages with Dreamweaver MX. Where most books on this topic cover one or two databases, this title covers all major databases, languages, and development platforms, including Access, SQL Server, MySQL, Oracle, ColdFusion, JSP, ASP, ASP.NET, and ADO.NET. | ||
| 650 | |a Dreamweaver (Computer file),Web sites,Web sites | ||
| 650 | |x Authoring programs,Design | ||
| 904 | |i Giang | ||
| 980 | |a Trung tâm Học liệu Trường Đại học Cần Thơ | ||